00734cam a2200193Ka 450000500170000000800410001702000180005804000630007604100080013910000520014724500860019924600400028526000460032530000230037150000220039465000340041665000570045065000330050720260120113118.0141203s2005 xxu fr 001 0 eng d a9780060851149 aCO-BoUCMcJose A. GerenadSandra Palacio (modificó)bspa0 aeng1 aDrucker, Peter F.q(Peter Ferdinand)d1909-200510aManaging the non-profit organizationbpractices and principles cPeter F. Drucker14aManaging the nonprofit organization aNueva York (Estados Unidos)bHarperc2005 axix, 235 páginas aIncluye índice. 7aAdministración de empresas  7aOrganizaciones sin animo de lucro xAdministración 7aPlanificación empresarial